[Event "70th UKR-ch"]
[Site "Pokrov UKR"]
[Date "2001.09.08"]
[Round "1"]
[White "Areschenko, Alexander"]
[WhiteElo "2462"]
[Black "Ovseevich, Sergei"]
[BlackElo "2529"]
[Result "1/2-1/2"]
[EventDate "2001.09.08"]
[PlyCount "59"]

1. e4 e5 2. Nf3 Nc6 3. d4 exd4 4. Nxd4 Nxd4 5. Qxd4 Qf6 6. e5 Qb6 7. Qxb6 axb6 8. Nc3 Bb4 9. Bd2 f6 10. Nd5 Bxd2+ 11. Kxd2 Kd8 12. exf6 Nxf6 13. Nxf6 gxf6 14. Bd3 Ra5 15. b4 Rg5 16. g3 d5 17. a4 c6 18. a5 bxa5 19. Rxa5 Kc7 20. Ra8 h6 21. h4 Re5 22. f4 Re7 23. g4 Rg7 24. Bf5 Rhg8 25. Rxc8+ Rxc8 26. Bxc8 Kxc8 27. Rg1 Kd7 28. Ke3 Re7+ 29. Kf3 Re4 30. g5 1/2-1/2

[Event "70th UKR-ch"]
[Site "Pokrov UKR"]
[Date "2001.09.08"]
[Round "1"]
[White "Berelovich, Alexander"]
[WhiteElo "2513"]
[Black "Kuznetsov, Sergei"]
[BlackElo "2442"]
[Result "1-0"]
[EventDate "2001.09.08"]
[PlyCount "75"]

1. e4 d6 2. d4 Nf6 3. Nc3 g6 4. Be3 c6 5. f3 Nbd7 6. Qd2 b5 7. Nh3 Nb6 8. Nf2 a6 9. b3 Qc7 10. Nd3 Bb7 11. Be2 Bg7 12. O-O O-O 13. a4 Nfd7 14. Rfd1 Rfd8 15. Qe1 e5 16. Qf2 exd4 17. Bxd4 Bxd4 18. Qxd4 c5 19. Qe3 b4 20. a5 bxc3 21. axb6 Qxb6 22. Nf2 d5 23. Qxc3 d4 24. Qe1 Qd6 25. Bc4 Ne5 26. Nd3 Nxd3 27. cxd3 h5 28. Qd2 Kg7 29. Ra5 f6 30. Rda1 g5 31. f4 h4 32. Qf2 Rd7 33. b4 Rc7 34. R1a2 Bc8 35. bxc5 Rxc5 36. e5 fxe5 37. fxe5 Rxe5 38. Qf7+ 1-0

[Event "70th UKR-ch"]
[Site "Pokrov UKR"]
[Date "2001.09.08"]
[Round "1"]
[White "Brodsky, Mikhail"]
[WhiteElo "2528"]
[Black "Savon, Vladimir"]
[BlackElo "2449"]
[Result "1/2-1/2"]
[EventDate "2001.09.08"]
[PlyCount "69"]

1. e4 c6 2. d4 d5 3. Nd2 dxe4 4. Nxe4 Bf5 5. Ng3 Bg6 6. h4 h6 7. Nf3 Nd7 8. h5 Bh7 9. Bd3 Bxd3 10. Qxd3 Qc7 11. Bd2 e6 12. O-O-O O-O-O 13. Ne4 Ngf6 14. g3 Be7 15. Bf4 Qa5 16. Kb1 Qf5 17. Nxf6 Qxd3 18. Rxd3 Bxf6 19. a4 b6 20. Bd6 Rhe8 21. Ne5 Nxe5 22. dxe5 Be7 23. Bxe7 Rxd3 24. cxd3 Rxe7 25. Rh4 Re8 26. Kc2 a5 27. Kc3 Kd7 28. Rd4+ Kc7 29. Kc4 Rg8 30. Rf4 Rf8 31. d4 Kd7 32. Rf3 Ke7 33. Rb3 Rb8 34. g4 g5 35. Kd3 1/2-1/2

[Event "70th UKR-ch"]
[Site "Pokrov UKR"]
[Date "2001.09.08"]
[Round "1"]
[White "Kazakov, Mikhail"]
[WhiteElo "2496"]
[Black "Neverov, Valeriy"]
[BlackElo "2564"]
[Result "0-1"]
[EventDate "2001.09.08"]
[PlyCount "120"]

1. e4 c5 2. Nf3 d6 3. d4 cxd4 4. Nxd4 Nf6 5. Nc3 a6 6. Be3 e5 7. Nb3 Be6 8. f3 h5 9. Qd2 Nbd7 10. O-O-O b5 11. Qf2 Rc8 12. Kb1 Rxc3 13. bxc3 Qc7 14. Bd3 Be7 15. h3 O-O 16. g4 Nc5 17. Rdg1 Na4 18. Bd2 Rc8 19. Qe1 h4 20. g5 Nd7 21. g6 Ndb6 22. gxf7+ Bxf7 23. Rh2 Kf8 24. Rhg2 Bf6 25. Kc1 Nxc3 26. Bg5 Nxa2+ 27. Kb2 Bxg5 28. Rxg5 Qc3+ 29. Qxc3 Nxc3 30. Rxg7 Nba4+ 31. Ka1 Nc5 32. Rh7 Rc7 33. Nxc5 dxc5 34. Rh8+ Ke7 35. Rxh4 c4 36. Bf1 Rd7 37. Kb2 b4 38. Rh7 Rd1 39. Bxc4 Rxg1 40. Rxf7+ Kd6 41. Ba2 a5 42. f4 a4 43. fxe5+ Kxe5 44. Rc7 Nd1+ 45. Kc1 a3 46. Kd2 Nc3 47. Rxc3 Rg2+ 48. Kd3 Rg3+ 49. Kc4 bxc3 50. h4 Kxe4 51. h5 Rh3 52. Bb3 Rxh5 53. Kxc3 Ra5 54. Ba2 Rb5 55. Bb3 Ke3 56. Bf7 Rb8 57. Be6 Ke2 58. Ba2 Kd1 59. Kd3 Kc1 60. Kc3 Rb2 0-1

[Event "70th UKR-ch"]
[Site "Pokrov UKR"]
[Date "2001.09.08"]
[Round "1"]
[White "Rogovsky, Vladimir"]
[WhiteElo "2443"]
[Black "Golubev, Mikhail"]
[BlackElo "2526"]
[Result "1/2-1/2"]
[EventDate "2001.09.08"]
[PlyCount "76"]

1. e4 c5 2. Nf3 d6 3. d4 cxd4 4. Nxd4 Nf6 5. Nc3 g6 6. Be3 Bg7 7. f3 O-O 8. Qd2 Nc6 9. O-O-O d5 10. Nxc6 bxc6 11. Bh6 Bxh6 12. Qxh6 Qb6 13. e5 Nd7 14. h4 Nxe5 15. h5 Bf5 16. g4 f6 17. Qf4 Rab8 18. b3 g5 19. Qxf5 Qe3+ 20. Kb2 Rf7 21. Bd3 e6 22. Rhe1 Qxe1 23. Qxh7+ Rxh7 24. Bxh7+ Kxh7 25. Rxe1 Rb4 26. Ne2 Nxf3 27. Rf1 Rxg4 28. Rxf3 f5 29. Re3 f4 30. Nxf4 Rxf4 31. Rxe6 Rf7 32. Kc3 g4 33. Kd3 g3 34. Rg6 Rg7 35. Rxg7+ Kxg7 36. Ke3 Kh6 37. Kf3 Kxh5 38. Kxg3 Kg5 1/2-1/2

[Event "70th UKR-ch"]
[Site "Pokrov UKR"]
[Date "2001.09.08"]
[Round "1"]
[White "Romanyshyn, Oleh"]
[WhiteElo "2579"]
[Black "Sergeev, Vladimir"]
[BlackElo "2498"]
[Result "1/2-1/2"]
[EventDate "2001.09.08"]
[PlyCount "93"]

1. Nf3 Nf6 2. g3 g6 3. Bg2 Bg7 4. d4 O-O 5. O-O c5 6. dxc5 Qa5 7. Be3 Ng4 8. Bd4 e5 9. Bc3 Qxc5 10. h3 Nh6 11. e4 Nc6 12. Bd2 f6 13. Nc3 Nf7 14. Nd5 Rd8 15. Nh2 f5 16. Be3 Qf8 17. exf5 gxf5 18. f4 d6 19. c3 Kh8 20. Qh5 e4 21. g4 Nh6 22. g5 Ng8 23. Rf2 Bd7 24. Nf1 Nce7 25. Qd1 Nxd5 26. Qxd5 Bc6 27. Qc4 Ne7 28. h4 Nd5 29. Bd4 Bxd4 30. Qxd4+ Qg7 31. Qxg7+ Kxg7 32. Re1 h5 33. Kh2 Kg6 34. Kg3 b5 35. Rd2 Nb6 36. Rd4 Na4 37. Red1 d5 38. R4d2 Nb6 39. b3 Rac8 40. Ne3 Bd7 41. Rc2 Be6 42. Bf1 a6 43. Rd4 Rc5 44. Rd1 Rdc8 45. Rdc1 Bd7 46. Be2 R5c7 47. a3 1/2-1/2

[Event "70th UKR-ch"]
[Site "Pokrov UKR"]
[Date "2001.09.09"]
[Round "2"]
[White "Kuznetsov, Sergei"]
[WhiteElo "2442"]
[Black "Kazakov, Mikhail"]
[BlackElo "2496"]
[Result "1/2-1/2"]
[EventDate "2001.09.08"]
[PlyCount "99"]

1. c4 Nf6 2. Nf3 g6 3. g3 Bg7 4. Bg2 O-O 5. O-O c6 6. d4 d5 7. cxd5 cxd5 8. Ne5 e6 9. Nc3 Nfd7 10. f4 f6 11. Nf3 f5 12. Be3 Nc6 13. Rc1 Nb6 14. b3 Bd7 15. Ne5 Be8 16. Qd3 Nc8 17. Bd2 Kh8 18. a4 Nd6 19. e3 Rg8 20. Rf2 Rc8 21. Be1 Qb6 22. Na2 Ne4 23. Rfc2 Nxe5 24. fxe5 Rxc2 25. Rxc2 Bh6 26. Bb4 Qd8 27. Nc3 Bc6 28. Ne2 g5 29. Be1 Qe8 30. Nc3 Bf8 31. Nxe4 dxe4 32. Qe2 Bd5 33. Rc7 Be7 34. Qc2 Bd8 35. Rc8 Qd7 36. Rb8 Bc6 37. Bb4 Bd5 38. Bd6 h5 39. b4 h4 40. b5 hxg3 41. hxg3 Qh7 42. Qc1 Qh5 43. Bc7 Bxc7 44. Rxg8+ Kxg8 45. Qxc7 Qd1+ 46. Kh2 Qh5+ 47. Kg1 Qd1+ 48. Kh2 Qxa4 49. Qd8+ Kf7 50. Qd7+ 1/2-1/2

[Event "70th UKR-ch"]
[Site "Pokrov UKR"]
[Date "2001.09.09"]
[Round "2"]
[White "Moiseenko, Olexandr"]
[WhiteElo "2581"]
[Black "Malaniuk, Volodymyr"]
[BlackElo "2516"]
[Result "1/2-1/2"]
[EventDate "2001.09.08"]
[PlyCount "38"]

1. d4 d6 2. e4 Nf6 3. Nc3 e5 4. dxe5 dxe5 5. Qxd8+ Kxd8 6. Bg5 Be6 7. O-O-O+ Nbd7 8. Nf3 Bd6 9. Bb5 Kc8 10. Bxf6 Nxf6 11. Ng5 a6 12. Ba4 Bc4 13. Bb3 Bxb3 14. axb3 Rf8 15. Nd5 Nxd5 16. Rxd5 f6 17. Nf3 Kd7 18. Nd2 c6 19. Rd3 Ke6 1/2-1/2

[Event "70th UKR-ch"]
[Site "Pokrov UKR"]
[Date "2001.09.09"]
[Round "2"]
[White "Neverov, Valeriy"]
[WhiteElo "2564"]
[Black "Berelovich, Alexander"]
[BlackElo "2513"]
[Result "1/2-1/2"]
[EventDate "2001.09.08"]
[PlyCount "33"]

1. d4 e6 2. c4 d5 3. Nc3 c5 4. e3 Nf6 5. Nf3 Nc6 6. a3 a6 7. dxc5 Bxc5 8. b4 Bd6 9. Bb2 O-O 10. Qc2 Qe7 11. Rd1 Rd8 12. cxd5 exd5 13. Be2 Be6 14. O-O Rac8 15. Qb1 Bg4 16. h3 Be6 17. Rfe1 1/2-1/2

[Event "70th UKR-ch"]
[Site "Pokrov UKR"]
[Date "2001.09.09"]
[Round "2"]
[White "Nosenko, Olexandr"]
[WhiteElo "2436"]
[Black "Brodsky, Mikhail"]
[BlackElo "2528"]
[Result "1/2-1/2"]
[EventDate "2001.09.08"]
[PlyCount "25"]

1. d4 Nf6 2. Nf3 e6 3. c4 b6 4. g3 Ba6 5. b3 Bb4+ 6. Bd2 Be7 7. Bg2 c6 8. O-O d5 9. Ne5 Nfd7 10. Nxd7 Nxd7 11. Bc3 O-O 12. Nd2 Nf6 13. Re1 1/2-1/2

[Event "70th UKR-ch"]
[Site "Pokrov UKR"]
[Date "2001.09.09"]
[Round "2"]
[White "Ovseevich, Sergei"]
[WhiteElo "2529"]
[Black "Rogovsky, Vladimir"]
[BlackElo "2443"]
[Result "0-1"]
[EventDate "2001.09.08"]
[PlyCount "120"]

1. d4 Nf6 2. c4 e6 3. Nf3 d5 4. Nc3 Be7 5. Bg5 h6 6. Bxf6 Bxf6 7. e3 O-O 8. Qb3 c6 9. Rd1 Nd7 10. Bd3 g6 11. O-O Bg7 12. Rfe1 a6 13. Qc2 b5 14. c5 f5 15. e4 fxe4 16. Nxe4 dxe4 17. Bxe4 Qc7 18. Nh4 Rf6 19. Nxg6 Bb7 20. g3 Re8 21. f4 Rf7 22. Bg2 Nf8 23. Ne5 Rfe7 24. Rd2 Rd8 25. Red1 Ree8 26. Be4 Rc8 27. Qc3 Nd7 28. Bb1 Nf6 29. Qc2 Bh8 30. a3 Rcd8 31. Qb3 Nd5 32. Re1 Bf6 33. Qf3 Qg7 34. Kh1 Bxe5 35. Rxe5 Bc8 36. Ba2 Rf8 37. Rde2 Rf6 38. Re1 Kh8 39. Qe4 Rdf8 40. Qd3 Rf5 41. Qd1 Bd7 42. Bb1 Rxe5 43. Rxe5 Rg8 44. Qf3 Qf6 45. Qe4 Rg7 46. Ba2 Rg4 47. Qe2 Rg8 48. Bxd5 exd5 49. Re7 Bf5 50. Qe5 Qxe5 51. fxe5 Rg4 52. Rf7 Bg6 53. Rf6 Kg7 54. Rxc6 Rxd4 55. Rc7+ Kf8 56. Kg2 Rd2+ 57. Kf3 Rxb2 58. e6 d4 59. c6 Rc2 60. Kf4 Be8 0-1

[Event "70th UKR-ch"]
[Site "Pokrov UKR"]
[Date "2001.09.09"]
[Round "2"]
[White "Sergeev, Vladimir"]
[WhiteElo "2498"]
[Black "Borovikov, Vladislav"]
[BlackElo "2593"]
[Result "1/2-1/2"]
[EventDate "2001.09.08"]
[PlyCount "29"]

1. d4 d5 2. Nf3 Nf6 3. Bg5 Ne4 4. Bh4 c5 5. dxc5 Nc6 6. e3 g6 7. Nbd2 Nxc5 8. Nb3 Bg7 9. c3 Ne4 10. Nfd2 Nd6 11. f3 O-O 12. Be2 b5 13. Bf2 a5 14. Rc1 Nc4 15. Nxc4 1/2-1/2

[Event "70th UKR-ch"]
[Site "Pokrov UKR"]
[Date "2001.09.09"]
[Round "2"]
[White "Volokytin, Andriy"]
[WhiteElo "2551"]
[Black "Areschenko, Alexander"]
[BlackElo "2462"]
[Result "1-0"]
[EventDate "2001.09.08"]
[PlyCount "68"]

1. e4 c5 2. Nf3 d6 3. d4 cxd4 4. Nxd4 Nf6 5. Nc3 a6 6. Be2 e5 7. Nb3 Be7 8. O-O O-O 9. Kh1 b6 10. f3 Bb7 11. a4 Nc6 12. Bg5 Nb4 13. Nb1 h6 14. Bxf6 Bxf6 15. Na3 Qc7 16. Qd2 Nc6 17. Nc4 Rad8 18. Qe3 b5 19. axb5 axb5 20. Qb6 Qxb6 21. Nxb6 b4 22. Ba6 Bxa6 23. Rxa6 Ne7 24. Rd1 Bg5 25. g4 g6 26. Na5 f5 27. gxf5 gxf5 28. Nb7 Rb8 29. Nxd6 Rbd8 30. Nbc4 fxe4 31. fxe4 Ng6 32. Rda1 Rf2 33. Nf5 Kh7 34. Ra7+ Kg8 1-0

[Event "70th UKR-ch"]
[Site "Pokrov UKR"]
[Date "2001.09.10"]
[Round "3"]
[White "Borovikov, Vladislav"]
[WhiteElo "2593"]
[Black "Mikhalets, Lubomyr"]
[BlackElo "2485"]
[Result "1-0"]
[EventDate "2001.09.08"]
[PlyCount "41"]

1. d4 d6 2. Nf3 Bg4 3. e4 Nf6 4. Nc3 Nc6 5. d5 Nb8 6. h3 Bxf3 7. Qxf3 c6 8. g4 g6 9. g5 Nfd7 10. h4 h5 11. gxh6 Bxh6 12. Bxh6 Rxh6 13. O-O-O Qa5 14. h5 Ne5 15. Qg2 Ned7 16. Be2 gxh5 17. Qg8+ Nf8 18. Bxh5 Rf6 19. e5 dxe5 20. Ne4 Rf4 21. Ng5 1-0

[Event "70th UKR-ch"]
[Site "Pokrov UKR"]
[Date "2001.09.10"]
[Round "3"]
[White "Firman, Nazar"]
[WhiteElo "2511"]
[Black "Nosenko, Olexandr"]
[BlackElo "2436"]
[Result "1-0"]
[EventDate "2001.09.08"]
[PlyCount "81"]

1. e4 e6 2. d4 d5 3. Nc3 Bb4 4. e5 b6 5. a3 Bf8 6. f4 Ne7 7. Be3 Nf5 8. Bf2 c6 9. Nf3 Ba6 10. Bxa6 Nxa6 11. g4 Ne7 12. Qd3 Nc7 13. f5 exf5 14. gxf5 Qc8 15. f6 gxf6 16. O-O-O Bh6+ 17. Kb1 f5 18. Bh4 Ng6 19. Bf6 Rg8 20. Rhg1 Ne6 21. Ne2 Kd7 22. Qxf5 Kc7 23. Qh5 Qf8 24. Ng5 Bxg5 25. Bxg5 Rc8 26. Rdf1 Kb8 27. Qxh7 Rg7 28. Qh5 Qg8 29. h4 c5 30. Qf3 Nxg5 31. hxg5 cxd4 32. Nxd4 Nxe5 33. Qf4 f6 34. Nf3 Rc4 35. Qh2 Kb7 36. gxf6 Ng4 37. Ne5 Rcc7 38. Rxg4 Rxg4 39. Nxg4 Qxg4 40. Qxc7+ Kxc7 41. f7 1-0

[Event "70th UKR-ch"]
[Site "Pokrov UKR"]
[Date "2001.09.10"]
[Round "3"]
[White "Kazakov, Mikhail"]
[WhiteElo "2496"]
[Black "Ovseevich, Sergei"]
[BlackElo "2529"]
[Result "1/2-1/2"]
[EventDate "2001.09.08"]
[PlyCount "158"]

1. e4 e5 2. Nf3 Nc6 3. Bb5 Nf6 4. d3 Bc5 5. c3 O-O 6. O-O d6 7. Bg5 Bb6 8. a4 a6 9. Bxc6 bxc6 10. a5 Ba7 11. Nbd2 Rb8 12. Nc4 Be6 13. Qe2 Qd7 14. Bxf6 gxf6 15. Ne3 f5 16. Nh4 f4 17. Nef5 Kh8 18. d4 exd4 19. Qxa6 Ra8 20. Qd3 dxc3 21. Qxc3+ f6 22. Qf3 Rab8 23. Qxf4 Bxf5 24. exf5 Qg7 25. Nf3 Rxb2 26. Qc1 Rg8 27. g3 Rb3 28. Qxc6 Qg4 29. Kg2 Qxf5 30. Ra4 Qc5 31. Rc4 Qxa5 32. Qxc7 Qxc7 33. Rxc7 Rg7 34. Rc8+ Rg8 35. Rc6 Bc5 36. Nd2 Rb4 37. Re1 Rb2 38. Ne4 Re8 39. Kf1 Kg7 40. Nxc5 Rxe1+ 41. Kxe1 dxc5 42. Rxc5 Kg6 43. Kf1 h5 44. Kg2 Ra2 45. Rc8 Rb2 46. Re8 Ra2 47. Kf3 Rb2 48. Re2 Rb4 49. Re4 Rb2 50. Kg2 Ra2 51. Rf4 Rb2 52. Kh3 Ra2 53. Kh4 Rb2 54. Kh3 Ra2 55. Kh4 Rb2 56. h3 Ra2 57. f3 Ra3 58. g4 hxg4 59. hxg4 Rb3 60. Rf5 Ra3 61. Kg3 Rb3 62. Ra5 Rc3 63. Ra4 Rb3 64. Kf2 f5 65. Ra6+ Kg7 66. gxf5 Rb5 67. f6+ Kg6 68. Ke3 Rb4 69. Re6 Ra4 70. Rb6 Rc4 71. Kf2 Ra4 72. Kg3 Rc4 73. f4 Ra4 74. Kg4 Rc4 75. Ra6 Rb4 76. f7+ Kxf7 77. Kg5 Rb1 78. Ra7+ Kf8 79. Kg6 Rb6+ 1/2-1/2

[Event "70th UKR-ch"]
[Site "Pokrov UKR"]
[Date "2001.09.10"]
[Round "3"]
[White "Malakhatko, Vadym"]
[WhiteElo "2557"]
[Black "Sergeev, Vladimir"]
[BlackElo "2498"]
[Result "1/2-1/2"]
[EventDate "2001.09.08"]
[PlyCount "62"]

1. d4 Nf6 2. c4 e6 3. Nf3 b6 4. Nc3 Bb7 5. Bg5 h6 6. Bh4 Bb4 7. Nd2 c5 8. a3 Ba5 9. Rb1 Na6 10. e3 O-O 11. Bd3 d5 12. cxd5 cxd4 13. exd4 Bxc3 14. bxc3 exd5 15. O-O Rc8 16. Qa4 Nb8 17. Qxa7 Rxc3 18. Rb3 Nc6 19. Qa4 Rxb3 20. Nxb3 g5 21. Bg3 Ne4 22. Rc1 Nxg3 23. hxg3 Qf6 24. Rd1 Kg7 25. Bb1 Ra8 26. Qb5 Ne7 27. Qb4 Ba6 28. Bd3 Bxd3 29. Rxd3 g4 30. Re3 Ng6 31. Re1 Rc8 1/2-1/2

[Event "70th UKR-ch"]
[Site "Pokrov UKR"]
[Date "2001.09.10"]
[Round "3"]
[White "Rogovsky, Vladimir"]
[WhiteElo "2443"]
[Black "Volokytin, Andriy"]
[BlackElo "2551"]
[Result "0-1"]
[EventDate "2001.09.08"]
[PlyCount "144"]

1. e4 d6 2. d4 Nf6 3. Nc3 g6 4. Nf3 Bg7 5. Be2 O-O 6. O-O a6 7. a4 Nc6 8. h3 e5 9. d5 Ne7 10. Bg5 Ne8 11. Qd2 f6 12. Bh6 g5 13. Bxg7 Nxg7 14. Nh2 h5 15. Qd1 Qe8 16. Re1 Qg6 17. Nf1 g4 18. hxg4 hxg4 19. g3 f5 20. Nh2 Qh7 21. exf5 Bxf5 22. Nxg4 Bxc2 23. Qd2 Bg6 24. Nh6+ Kh8 25. Kg2 Nh5 26. Qg5 Ng8 27. Bxh5 Bxh5 28. Qxh5 Qxh6 29. Qg4 Nf6 30. Qc4 Qg7 31. Rh1+ Kg8 32. Rh4 Rf7 33. Rah1 Raf8 34. Nd1 e4 35. Qd4 Qg5 36. Rh8+ Kg7 37. R8h5 Qg4 38. R1h4 Qf3+ 39. Kg1 Rg8 40. Rg5+ Kf8 41. Rxg8+ Kxg8 42. Rf4 Qh5 43. Ne3 Qe5 44. Qxe5 dxe5 45. Rf5 Nd7 46. Rg5+ Rg7 47. Rh5 Rh7 48. Rxh7 Kxh7 49. b4 Nb6 50. a5 Na4 51. Nc4 Nc3 52. d6 cxd6 53. Nxd6 Nd5 54. b5 axb5 55. Nxb5 Kg6 56. Nd6 e3 57. f3 Nc3 58. Kf1 Kg5 59. Nxb7 e4 60. a6 exf3 61. Nd6 Nb1 62. Ne4+ Kg6 63. a7 Nd2+ 64. Kg1 e2 65. Kf2 Nxe4+ 66. Ke1 Nc5 67. a8=Q Nd3+ 68. Kd2 e1=Q+ 69. Kxd3 f2 70. Qg8+ Kf5 71. g4+ Kf4 72. Qb8+ Kf3 0-1

[Event "70th UKR-ch"]
[Site "Pokrov UKR"]
[Date "2001.09.10"]
[Round "3"]
[White "Romanyshyn, Oleh"]
[WhiteElo "2579"]
[Black "Vysochin, Spartak"]
[BlackElo "2542"]
[Result "1/2-1/2"]
[EventDate "2001.09.08"]
[PlyCount "69"]

1. Nf3 Nf6 2. g3 d5 3. Bg2 c6 4. O-O Bf5 5. c4 e6 6. Qb3 Qb6 7. d3 Nbd7 8. Qc2 h6 9. Be3 Bc5 10. Bxc5 Qxc5 11. Nbd2 a5 12. Qc3 O-O 13. a3 Rfe8 14. Nd4 Bg6 15. b4 axb4 16. axb4 Qe7 17. N4b3 e5 18. c5 e4 19. d4 Bh5 20. e3 Be2 21. Rxa8 Rxa8 22. Ra1 Qd8 23. Rxa8 Qxa8 24. Qa1 Qxa1+ 25. Nxa1 Nb8 26. Bf1 Bxf1 27. Kxf1 Nfd7 28. Ndb3 b5 29. cxb6 Nxb6 30. Na5 Kf8 31. N1b3 Na4 32. Ke1 Nc3 33. Nc1 Ke7 34. Kd2 Nb5 35. Ne2 1/2-1/2

[Event "70th UKR-ch"]
[Site "Pokrov UKR"]
[Date "2001.09.11"]
[Round "4"]
[White "Yefymenko, Zakhar"]
[WhiteElo "2495"]
[Black "Rogovsky, Vladimir"]
[BlackElo "2443"]
[Result "1-0"]
[EventDate "2001.09.08"]
[PlyCount "101"]

1. e4 c5 2. Nf3 Nc6 3. d4 cxd4 4. Nxd4 Qb6 5. Nb3 e6 6. Nc3 Nf6 7. Qe2 Qc7 8. Bd2 Be7 9. O-O-O O-O 10. g4 d5 11. g5 Nxe4 12. Nxe4 dxe4 13. Qxe4 e5 14. h4 Rd8 15. f4 a5 16. a4 Be6 17. Bc4 Bg4 18. Rdf1 Bh5 19. Bd3 g6 20. Bc3 exf4 21. Rxf4 Rf8 22. Re1 Bd6 23. Rf6 Bb4 24. Bc4 Bxc3 25. bxc3 Ne5 26. Bb5 Ng4 27. Rf3 Nh2 28. Rd3 Bg4 29. Qe5 Qxe5 30. Rxe5 Bf5 31. Rg3 Ng4 32. Re7 Nf2 33. Nd4 Ne4 34. Nxf5 gxf5 35. Rd3 b6 36. Rdd7 Rac8 37. c4 Nc5 38. Rd6 Ne6 39. Rxb6 Rc5 40. Rd6 f4 41. Rd5 Rfc8 42. Kd2 Kg7 43. Rdd7 Kg6 44. Rxf7 Rf8 45. Rfe7 Nd8 46. Rd5 Rc8 47. Rd6+ Kh5 48. Rh6+ Kg4 49. Bd7+ Kg3 50. Bxc8 f3 51. Rf6 1-0

[Event "70th UKR-ch"]
[Site "Pokrov UKR"]
[Date "2001.09.11"]
[Round "4"]
[White "Golubev, Mikhail"]
[WhiteElo "2526"]
[Black "Kuznetsov, Sergei"]
[BlackElo "2442"]
[Result "1-0"]
[EventDate "2001.09.08"]
[PlyCount "83"]

1. e4 c5 2. Nc3 Nc6 3. Nge2 d6 4. d4 cxd4 5. Nxd4 Nf6 6. Bc4 Qb6 7. Nxc6 bxc6 8. O-O e6 9. Qe2 Nd7 10. b3 Be7 11. Bb2 O-O 12. Na4 Qc7 13. f4 Bb7 14. Rad1 Rae8 15. Rd3 g6 16. f5 exf5 17. Qd2 d5 18. exd5 cxd5 19. Rh3 f4 20. Bd3 Bd6 21. Qf2 Ne5 22. Bb5 Re7 23. Qxf4 f5 24. Qd4 Qxc2 25. Qxa7 d4 26. Rf2 Qd1+ 27. Rf1 Qxf1+ 28. Bxf1 Bxg2 29. Qxe7 Bxe7 30. Kxg2 Rd8 31. Bc1 g5 32. Nb2 f4 33. Nc4 g4 34. Rh5 f3+ 35. Kf2 Ng6 36. Bg5 d3 37. Bxe7 Nxe7 38. Nd2 Ng6 39. Rg5 Rc8 40. Rxg4 Rc2 41. Ke3 Rxa2 42. Nxf3 1-0

[Event "70th UKR-ch"]
[Site "Pokrov UKR"]
[Date "2001.09.11"]
[Round "4"]
[White "Korobov, Anton"]
[WhiteElo "2470"]
[Black "Areschenko, Alexander"]
[BlackElo "2462"]
[Result "1-0"]
[EventDate "2001.09.08"]
[PlyCount "67"]

1. Nf3 Nf6 2. c4 g6 3. Nc3 d5 4. cxd5 Nxd5 5. g3 Bg7 6. Bg2 Nb6 7. O-O Nc6 8. d3 O-O 9. Be3 e5 10. a4 a5 11. Bxb6 cxb6 12. Nd2 Be6 13. Nc4 Rb8 14. Rc1 Bh6 15. e3 Nb4 16. Nxe5 Bg7 17. d4 Bxe5 18. dxe5 Nd3 19. Rb1 Nxe5 20. Nd5 Bxd5 21. Bxd5 Qf6 22. Qb3 h5 23. Rbd1 h4 24. Rd4 Qd6 25. Rxh4 Rbd8 26. e4 g5 27. Rh5 Qg6 28. Qd1 Rfe8 29. f4 gxf4 30. Rxf4 Rxd5 31. exd5 Nf3+ 32. Qxf3 Qb1+ 33. Qf1 Re1 34. Rg5+ 1-0

[Event "70th UKR-ch"]
[Site "Pokrov UKR"]
[Date "2001.09.11"]
[Round "4"]
[White "Mikhalets, Lubomyr"]
[WhiteElo "2485"]
[Black "Malakhatko, Vadym"]
[BlackElo "2557"]
[Result "1/2-1/2"]
[EventDate "2001.09.08"]
[PlyCount "81"]

1. e4 e6 2. d4 d5 3. exd5 exd5 4. c4 Nf6 5. Nf3 Be7 6. Nc3 O-O 7. Be2 dxc4 8. Bxc4 Bg4 9. O-O c6 10. Be3 Nbd7 11. Rc1 Nb6 12. Bb3 Nbd5 13. Bg5 h6 14. Bh4 Nf4 15. Re1 Ne6 16. Bxe6 Bxe6 17. Qd3 Re8 18. a3 Nd5 19. Bxe7 Rxe7 20. Na4 Qd6 21. Nc5 Rae8 22. Qd2 Nf6 23. Ne5 Bd5 24. Re3 b6 25. Ncd3 Nd7 26. Rce1 f6 27. Nxd7 Qxd7 28. Rxe7 Rxe7 29. Rxe7 Qxe7 30. Nb4 Qe6 31. f3 Bc4 32. Kf2 a5 33. Nc2 Qd6 34. h3 Bb3 35. Ne3 Be6 36. Qc3 Kf7 37. Qd3 h5 38. Qe4 g6 39. f4 Bd5 40. Nxd5 cxd5 41. Qe3 1/2-1/2

[Event "70th UKR-ch"]
[Site "Pokrov UKR"]
[Date "2001.09.11"]
[Round "4"]
[White "Neverov, Valeriy"]
[WhiteElo "2564"]
[Black "Eljanov, Pavel"]
[BlackElo "2522"]
[Result "1/2-1/2"]
[EventDate "2001.09.08"]
[PlyCount "53"]

1. d4 d5 2. c4 e6 3. Nc3 c5 4. cxd5 exd5 5. Nf3 Nc6 6. g3 Nf6 7. Bg2 Be7 8. O-O O-O 9. Bg5 cxd4 10. Nxd4 h6 11. Bf4 Bg4 12. h3 Bh5 13. Nf5 Bg6 14. Nxe7+ Qxe7 15. Nxd5 Nxd5 16. Qxd5 Rad8 17. Qc4 Nd4 18. Kh2 b5 19. Qc3 Qxe2 20. Rad1 Qc4 21. Be5 Qxc3 22. bxc3 Ne2 23. Bf3 Rxd1 24. Rxd1 f6 25. Bxe2 fxe5 26. Kg1 Rc8 27. Bxb5 1/2-1/2

[Event "70th UKR-ch"]
[Site "Pokrov UKR"]
[Date "2001.09.11"]
[Round "4"]
[White "Vysochin, Spartak"]
[WhiteElo "2542"]
[Black "Berelovich, Alexander"]
[BlackElo "2513"]
[Result "1/2-1/2"]
[EventDate "2001.09.08"]
[PlyCount "111"]

1. e4 e6 2. d4 d5 3. e5 c5 4. c3 Nc6 5. Nf3 Nge7 6. Be2 Nf5 7. dxc5 Bxc5 8. O-O O-O 9. Bd3 h6 10. Nbd2 Nh4 11. b4 Bb6 12. b5 Nxf3+ 13. Nxf3 Ne7 14. Bc2 Ng6 15. Qd3 Qc7 16. Nh4 Qxe5 17. Ba3 Rd8 18. Nxg6 fxg6 19. Qxg6 Qf4 20. Qh7+ Kf7 21. Rae1 e5 22. Kh1 Qf6 23. f4 e4 24. f5 a6 25. Bb3 axb5 26. Bc1 Ra4 27. Bxa4 bxa4 28. Be3 Bxe3 29. Rxe3 Qa6 30. Rd1 Qf6 31. Qg6+ Qxg6 32. fxg6+ Ke7 33. Rf1 Be6 34. Rb1 Rd7 35. Rb4 Bf5 36. Rxa4 Rc7 37. Rg3 Kf6 38. Kg1 Bxg6 39. Rd4 Bf7 40. Kf2 g5 41. Ke1 Ke5 42. Kd2 b5 43. Kc2 Be8 44. Re3 Rf7 45. a3 h5 46. Rd2 h4 47. Kb3 g4 48. Kb4 Rf6 49. Re1 g3 50. hxg3 hxg3 51. Red1 Bf7 52. Kxb5 Be8+ 53. Ka5 Bf7 54. Kb5 Be8+ 55. Ka5 Bf7 56. Kb5 1/2-1/2

[Event "70th UKR-ch"]
[Site "Pokrov UKR"]
[Date "2001.09.12"]
[Round "5"]
[White "Berelovich, Alexander"]
[WhiteElo "2513"]
[Black "Volokytin, Andriy"]
[BlackElo "2551"]
[Result "1/2-1/2"]
[EventDate "2001.09.08"]
[PlyCount "44"]

1. e4 d6 2. d4 Nf6 3. Nc3 g6 4. f4 Bg7 5. Nf3 O-O 6. Bd3 Nc6 7. e5 dxe5 8. dxe5 Nd5 9. Nxd5 Qxd5 10. Qe2 Bg4 11. Be4 Qa5+ 12. Bd2 Qb6 13. Be3 Qb4+ 14. Bd2 Qxb2 15. O-O Rad8 16. Rfb1 Qd4+ 17. Nxd4 Bxe2 18. Nxc6 bxc6 19. Bc3 f6 20. Re1 Bc4 21. Bxc6 fxe5 22. fxe5 Bh6 1/2-1/2

[Event "70th UKR-ch"]
[Site "Pokrov UKR"]
[Date "2001.09.12"]
[Round "5"]
[White "Borovikov, Vladislav"]
[WhiteElo "2593"]
[Black "Golubev, Mikhail"]
[BlackElo "2526"]
[Result "1-0"]
[EventDate "2001.09.08"]
[PlyCount "104"]

1. d4 Nf6 2. Nf3 g6 3. c4 Bg7 4. g3 O-O 5. Bg2 d6 6. O-O Nbd7 7. Nc3 e5 8. e4 exd4 9. Nxd4 Re8 10. h3 a6 11. Be3 Rb8 12. b3 c5 13. Nde2 b5 14. Qxd6 b4 15. Na4 Nxe4 16. Bxe4 Rxe4 17. Rad1 Qe8 18. Nxc5 Rxe3 19. Nxd7 Rxe2 20. Nxb8 Bxh3 21. Qb6 Bf8 22. Rd8 Qe4 23. Qc6 Qxc6 24. Nxc6 Bxf1 25. Kxf1 Rxa2 26. Nxb4 Ra1+ 27. Ke2 Kg7 28. Nd3 Rb1 29. Rb8 a5 30. c5 a4 31. b4 Bxc5 32. Nxc5 a3 33. Ra8 Rxb4 34. Rxa3 h5 35. Nd3 Rb7 36. Nf4 Re7+ 37. Kf3 Rd7 38. Rd3 Re7 39. Rd6 Re5 40. Rd7 Kf6 41. Ra7 Kg7 42. Nd3 Re6 43. Kf4 Re2 44. f3 Kf6 45. Ra6+ Kg7 46. Ne5 g5+ 47. Kf5 h4 48. gxh4 gxh4 49. Ra7 h3 50. Rxf7+ Kg8 51. Rf6 Kg7 52. Rg6+ Kh7 1-0

[Event "70th UKR-ch"]
[Site "Pokrov UKR"]
[Date "2001.09.12"]
[Round "5"]
[White "Malakhatko, Vadym"]
[WhiteElo "2557"]
[Black "Korobov, Anton"]
[BlackElo "2470"]
[Result "0-1"]
[EventDate "2001.09.08"]
[PlyCount "76"]

1. d4 Nf6 2. c4 e6 3. Nf3 b6 4. Nc3 Bb4 5. Bg5 Bb7 6. Nd2 h6 7. Bh4 c5 8. a3 Bxc3 9. bxc3 d6 10. f3 Nc6 11. e3 g5 12. Bf2 Qe7 13. Bd3 O-O-O 14. O-O h5 15. a4 h4 16. Nb3 a5 17. Nd2 Nb8 18. Bc2 g4 19. fxg4 h3 20. g3 Rdg8 21. e4 Nxg4 22. Qe2 Nd7 23. Rae1 f6 24. Kh1 Qg7 25. Bg1 Kc7 26. Rf4 f5 27. Rf3 Re8 28. Qf1 Ndf6 29. exf5 Bxf3+ 30. Qxf3 exf5 31. Rb1 Qg5 32. dxc5 Qxd2 33. cxd6+ Qxd6 34. c5 Qd5 35. cxb6+ Kb8 36. Qxd5 Nxd5 37. Bxf5 Nge3 38. Bd3 Nxc3 0-1